Gordon Blake /
Saved in:
| Main Author: | |
|---|---|
| Format: | Book |
| Language: | English |
| Published: |
London :
Thornton Butterworth,
1925.
|
| LEADER | 00564nam a2200193 a 4500 | ||
|---|---|---|---|
| 001 | c000415792 | ||
| 003 | CARM | ||
| 005 | 00000000000000.0 | ||
| 008 | s1925 enk 00011 eng d | ||
| 019 | 1 | |a 5955310 | |
| 035 | |a (OCoLC)220539221 | ||
| 035 | |a (vdu).b11074929 | ||
| 040 | |a VDU |c VDU | ||
| 082 | 0 | 4 | |a 810.52 |
| 100 | 1 | |a Lane, Rose Wilder, |d 1886-1968. | |
| 245 | 1 | 0 | |a Gordon Blake / |c by Rose Wilder Lane. |
| 260 | 0 | |a London : |b Thornton Butterworth, |c 1925. | |
| 300 | |a 351 p. ; |c 20 cm. | ||
| 999 | f | f | |i 70a26722-da9f-52b7-be50-e23e92f4545a |s e65423de-ec68-5534-b785-d580274682a6 |